000 00570nmm a2200169Ia 4500
008 251105s9999||||xx |||||||||||||||||und||
020 _a9781612360775
041 _aspa
100 _aFreeman, Marcia
245 0 _aMi hermana está en tercer grado : Ordenar los números = My sister is in third grade : Putting numbers in order
264 _a[Madrid, España] :
_bRourke Educational Media,
_c2008
300 _a24 páginas
490 _aEnfoque matemático
650 _aAges 6-8 Years Old
856 _uhttps://public.digitaliapublishing.com/a/24641
942 _cCF
999 _c75045
_d75045